Normal view
MARC view
Entry Topical Term
001 - CONTROL NUMBER
- control field: 775963
003 - CONTROL NUMBER IDENTIFIER
- control field: OSt
005 - DATE AND TIME OF LATEST TRANSACTION
- control field: 20250508163657.0
008 - FIXED-LENGTH DATA ELEMENTS
- fixed length control field: 250508|| aca||aabn | a|a d
040 ## - CATALOGING SOURCE
- Original cataloging agency: OSt
- Transcribing agency: OSt
150 ## - HEADING--TOPICAL TERM
- Topical term or geographic name entry element: Elementary education - curriculum; Curriculum
670 ## - SOURCE DATA FOUND
- Source citation: Work cat.: (OSt)1384649: Hendrick Joanne 775962, Total learning: Developmental curriculum for the young child, 1994
